Národní účetní standardy

Potreba harmonizácie účtovníctva z celosvetového hľadiska. Organizácia tvorby a uplatňovanie národných účtovných štandardov vo vybraných krajinách (Anglicko, Francúzsko). Tvorba českých účtovných štandardov.

Uložené v:
Podrobná bibliografia
Hlavný autor: Březinová, Hana
Médium: Kapitola
Jazyk:Czech
Predmet:
Tagy: Pridať tag
Žiadne tagy, Buďte prvý, kto otaguje tento záznam!

MARC

LEADER 00000naa a2200000 4500
001 r034291
005 20230913084433.0
041 0 |a cze 
044 |a CZ 
245 1 0 |a Národní účetní standardy  |c Hana Březinová 
520 |a Potreba harmonizácie účtovníctva z celosvetového hľadiska. Organizácia tvorby a uplatňovanie národných účtovných štandardov vo vybraných krajinách (Anglicko, Francúzsko). Tvorba českých účtovných štandardov. 
610 2 0 |a účtovníctvo 
610 2 0 |a štandardy 
610 2 0 |a účtovníctvo národné 
610 2 0 |a Veľká Británia 
610 2 0 |a Francúzsko 
610 2 0 |a Česko 
100 1 |a Březinová, Hana